|
|
|
|
| LEADER |
00000nam0a2200000 4500 |
| 001 |
373495 |
| 005 |
20231102012554.0 |
| 010 |
|
|
|a 5250002374
|
| 035 |
|
|
|a (RuTPU)RU\TPU\retro\30925
|
| 035 |
|
|
|a RU\TPU\book\271021
|
| 090 |
|
|
|a 373495
|
| 100 |
|
|
|a 20221216d1989 k y0rusy50 ca
|
| 101 |
0 |
|
|a rus
|
| 102 |
|
|
|a RU
|
| 105 |
|
|
|a y z 000zy
|
| 200 |
1 |
|
|a Современный апокалипсис. Критика идеологии катастрофизма
|f А. Т. Семченко
|
| 210 |
|
|
|a Москва
|c Политиздат
|d 1989
|
| 215 |
|
|
|a 125 с.
|
| 225 |
1 |
|
|a Социальный прогресс и буржуазная философия
|
| 330 |
|
|
|a В книге прослеживаются истоки и мотивы социального пессимизма, трагического мироощущения, характерных для духовной атмосферы современного Запада и нашедших отражение в различных философских и социологических концепциях, в произведениях искусства и литературы. Рассматривая совоеобразный идеологический феномен наших дней - буржуазную апокалптику, идеи ``катастрофизма``, автор критически оцениыает пессимистические прогнозы и ``кошмарные предчувствия`` западных обществоведов о будущем человеческой цивилизации, раскрывает характер использования ими реальных проблем ощественного развития. Книга рассчитана на массового читателя.
|
| 606 |
1 |
|
|a Апокалипсис ("катострафизм")
|x Философия
|2 stltpush
|3 (RuTPU)RU\TPU\subj\29301
|9 52665
|
| 610 |
1 |
|
|a апокалипсис
|
| 610 |
1 |
|
|a критика
|
| 610 |
1 |
|
|a катастрофизм
|
| 610 |
1 |
|
|a монографии
|
| 686 |
|
|
|a Ю3(0)6-63/-68
|v LBC/SL-A
|2 rubbk
|
| 700 |
|
1 |
|a Семченко
|b А. Т.
|g Алла Тихоновна
|
| 801 |
|
1 |
|a RU
|b 63413507
|c 20140130
|
| 801 |
|
2 |
|a RU
|b 63413507
|c 20221216
|g RCR
|
| 942 |
|
|
|c BK
|